Titres de l'album "Batterie Faible" de Damso - Statistiques

Statistiques générales
  • Ce quiz a été pris 203 fois
  • Le résultat moyen est 8 sur 12
Statistiques - réponses
Titre n° Réponse % Correct
10 Autotune
82%
11 BruxellesVie
80%
1 Périscope
78%
2 Débrouillard
77%
12 Monde
77%
7 Amnésie
75%
8 Graine de sablier
71%
3 Exutoire
63%
9 Beautiful
58%
5 Sombre
55%
4 Quotidien de baisé
51%
6 QuedelaVie
50%
Aucun quiz correspondant
Distribution des résultats
% des personnes avec chaque résultat
Percentile par nombre de réponses
Votre historique - résultats
Vous n’avez pas pris ce quiz